| 000 | 00824nam a2200337 a 4500 | ||
|---|---|---|---|
| 003 | AR-BaBNM | ||
| 005 | 20251128203249.0 | ||
| 008 | 082120s2002 ||||||||||||||000 | spa|| | ||
| 040 | _cAR-BaBNM | ||
| 110 | 2 | _aMagisterio Español | |
| 245 | 0 | 0 |
_aPruebas de evaluación _b1er curso |
| 260 |
_aMadrid _bMagisterio Español _c1972 |
||
| 300 | _bil. | ||
| 650 | 4 | _aARTE | |
| 650 | 4 | _aLENGUA | |
| 650 | 4 | _aMORFOLOGIA [LINGUISTICA] | |
| 650 | 4 | _aSINTAXIS | |
| 650 | 4 | _aGRAMATICA | |
| 650 | 4 | _aGEOGRAFIA | |
| 650 | 4 | _aEXAMENES | |
| 650 | 4 | _aEVALUACION DEL ALUMNO | |
| 650 | 4 | _aTECNICAS DE EVALUACION | |
| 650 | 4 | _aMETODOS DE EVALUACION | |
| 650 | 4 | _aGEOMETRIA | |
| 650 | 4 | _aBIOLOGIA | |
| 650 | 4 | _aMATEMATICA | |
| 651 | 4 | _aEspaña | |
| 653 | _aEDUCACION GENERAL BASICA | ||
| 942 | _cBK | ||
| 998 | _cMARTIN | ||
| 999 |
_c2617 _d2617 |
||